[Event "GBR-ch 97th"]
[Site "Canterbury"]
[Date "2010.08.04"]
[Round "9"]
[White "Dines, Sheila"]
[Black "Almond, Richard"]
[Result "0-1"]
[WhiteElo "1931"]
[BlackElo "2148"]
[PlyCount "104"]
[EventDate "2010.07.26"]
[EventType "swiss"]
[EventRounds "11"]
[EventCountry "ENG"]
[SourceTitle "CBM 137 Extra"]
[Source "ChessBase"]
[SourceDate "2010.09.01"]
[SourceVersion "1"]
[SourceVersionDate "2010.09.01"]
[SourceQuality "1"]

1. e4 d5 2. exd5 Qxd5 3. Nf3 Bg4 4. Be2 Nc6 5. d4 0-0-0 6. c4 Qf5 7. Be3 Bxf3 8. Bxf3 Nxd4 9. Bxd4 Qe6+ 10. Be2 Qe4 11. Nc3 Qxd4 12. Qxd4 Rxd4 13. Nb5 Rd8 14. Nxa7+ Kb8 15. Nb5 e6 16. 0-0 Nf6 17. Rfd1 Bc5 18. Kf1 h5 19. h3 g5 20. a3 c6 21. Nc3 Bd4 22. Rac1 g4 23. Rd3 Kc7 24. Rcd1 e5 25. Ke1 Rhg8 26. Bf1 Nh7 27. b3 f5 28. Ne2 c5 29. Nc3 Nf6 30. Nb5+ Kc8 31. b4 Ne4 32. Nxd4 cxd4 33. f3 Nc3 34. R1d2 gxh3 35. gxh3 Rg3 36. Kf2 h4 37. Ke1 Kc7 38. Bg2 e4 39. fxe4 Rxd3 40. Rxd3 fxe4 41. Rd2 d3 42. Kf2 Kd6 43. Ke3 Ke5 44. Bxe4 Nxe4 45. Rxd3 Rxd3+ 46. Kxd3 Nf2+ 47. Ke3 Nxh3 48. a4 Nf4 49. Kf3 h3 50. Kg3 Kd4 51. c5 Kc4 52. a5 Kxb4 0-1

[Event "GBR-ch 97th"]
[Site "Canterbury"]
[Date "2010.07.28"]
[Round "3"]
[White "Messam Sparks, Lateefah"]
[Black "Almond, Richard"]
[Result "1/2-1/2"]
[WhiteElo "1904"]
[BlackElo "2148"]
[PlyCount "71"]
[EventDate "2010.07.26"]
[EventType "swiss"]
[EventRounds "11"]
[EventCountry "ENG"]
[SourceTitle "CBM 137 Extra"]
[Source "ChessBase"]
[SourceDate "2010.09.01"]
[SourceVersion "1"]
[SourceVersionDate "2010.09.01"]
[SourceQuality "1"]

1. d4 d5 2. c4 e6 3. Nc3 Nf6 4. cxd5 exd5 5. Bg5 Be7 6. e3 0-0 7. Qc2 Nbd7 8. Bd3 c6 9. Nge2 Re8 10. 0-0 Nf8 11. Rad1 Nh5 12. Bxe7 Qxe7 13. Bf5 Nf6 14. Bxc8 Raxc8 15. Ng3 g6 16. Rfe1 Rcd8 17. Qe2 Ne6 18. Qf3 Ng5 19. Qe2 Nge4 20. Ngxe4 Nxe4 21. Nxe4 Qxe4 22. Qd3 f5 23. Kf1 Rd7 24. f4 g5 25. Qxe4 Rxe4 26. g3 h6 27. Kf2 Kf7 28. Rc1 Re6 29. Rg1 Rde7 30. Rge1 Rg6 31. Rg1 Ke6 32. h4 Rg8 33. hxg5 hxg5 34. Rh1 Kd7 35. fxg5 Rxg5 36. Rh3 1/2-1/2

[Event "BCF-chT2d 0910 (4NCL) Demotion pool"]
[Site "England"]
[Date "2010.05.02"]
[Round "10.2"]
[White "Rutter, Nicholas J"]
[Black "Almond, Richard"]
[Result "1/2-1/2"]
[WhiteElo "2189"]
[BlackElo "2151"]
[PlyCount "110"]
[EventDate "2009.10.24"]
[EventType "team-tourn"]
[EventRounds "4"]
[EventCountry "ENG"]
[SourceTitle "EXT 2010"]
[Source "ChessBase"]
[SourceDate "2010.11.25"]
[SourceVersion "1"]
[SourceVersionDate "2010.11.25"]
[SourceQuality "1"]
[WhiteTeam "Wessex"]
[BlackTeam "FCA Solutions"]
[WhiteTeamCountry "ENG"]
[BlackTeamCountry "ENG"]

1. e4 d5 2. exd5 Qxd5 3. Nc3 Qa5 4. d4 c6 5. Nf3 Nf6 6. Bc4 Bf5 7. Bd2 e6 8. Nd5 Qd8 9. Nxf6+ gxf6 10. Bb3 Nd7 11. Qe2 a5 12. Nh4 Bg6 13. Nxg6 hxg6 14. d5 cxd5 15. Bxd5 Qc7 16. g3 Rh5 17. Be4 0-0-0 18. 0-0-0 Nc5 19. Bc3 Rxd1+ 20. Rxd1 Nxe4 21. Qxe4 Be7 22. h4 Rc5 23. Qa4 Qc6 24. Qxc6+ bxc6 25. Rd3 Rf5 26. f3 Bb4 27. g4 Rf4 28. Kd2 e5 29. Bxb4 axb4 30. Ke3 Kc7 31. a3 bxa3 32. Rxa3 Kd6 33. Ra7 Ke6 34. Rc7 Rc4 35. c3 f5 36. gxf5+ gxf5 37. h5 Kf6 38. Kd3 Rc5 39. c4 e4+ 40. fxe4 fxe4+ 41. Kd4 e3 42. Kxe3 Rxc4 43. Kd3 Rc1 44. b4 Kg7 45. h6+ Kxh6 46. Rxf7 Kg6 47. Rf4 c5 48. Kd2 Rb1 49. bxc5 Rb5 50. Rc4 Kf6 51. Kc3 Ke7 52. Kd4 Kd7 53. Kd5 Rb1 54. Rd4 Kc7 55. Rd3 Rc1 1/2-1/2

[Event "BCF-chT2b 0910 (4NCL)"]
[Site "England"]
[Date "2010.02.20"]
[Round "5.2"]
[White "Thomas, Nicholas"]
[Black "Almond, Richard"]
[Result "1-0"]
[WhiteElo "2291"]
[BlackElo "2145"]
[PlyCount "149"]
[EventDate "2009.10.24"]
[EventType "team-tourn"]
[EventRounds "11"]
[EventCountry "ENG"]
[SourceTitle "EXT 2010"]
[Source "ChessBase"]
[SourceDate "2010.11.25"]
[SourceVersion "1"]
[SourceVersionDate "2010.11.25"]
[SourceQuality "1"]
[WhiteTeam "Warwicks Select"]
[BlackTeam "FCA Solutions"]
[WhiteTeamCountry "ENG"]
[BlackTeamCountry "ENG"]

1. e4 d5 2. exd5 Qxd5 3. Nc3 Qa5 4. d4 c6 5. Nf3 Nf6 6. Bd2 Bf5 7. Ne4 Qc7 8. Nxf6+ gxf6 9. g3 Nd7 10. Bg2 0-0-0 11. 0-0 e5 12. Re1 Bd6 13. c4 exd4 14. Nxd4 Bg6 15. Qa4 Bc5 16. Nb3 Bc2 17. Qa5 Bxb3 18. axb3 Rhe8 19. Bh3 Bd4 20. Qh5 Kb8 21. Rxe8 Rxe8 22. Qxf7 Rd8 23. Qxh7 Ne5 24. Qxc7+ Kxc7 25. Ba5+ b6 26. Bc3 a5 27. Kf1 Nf3 28. Kg2 Bxc3 29. bxc3 Nd2 30. b4 axb4 31. cxb4 Nxc4 32. Ra7+ Kd6 33. Rf7 Ke5 34. Re7+ Kd4 35. Re6 Rd6 36. Rxd6+ Nxd6 37. Bd7 c5 38. bxc5 bxc5 39. h4 c4 40. h5 c3 41. Ba4 Nf7 42. Bc2 Nh6 43. Kf3 Ke5 44. g4 Nf7 45. Ke3 Nh6 46. f3 Nf7 47. f4+ Kd6 48. Kd3 Nh6 49. Bd1 Ke6 50. Kxc3 Kf7 51. Kd4 Kg7 52. Kd5 Nf7 53. Bf3 Nh6 54. Ke6 Nf7 55. Ke7 Nh6 56. Be2 Ng8+ 57. Kd7 Nh6 58. Bf3 Kf8 59. Bd1 Kg7 60. Ke6 Nf7 61. Bc2 Nh6 62. Bf5 Ng8 63. Kd7 Kf8 64. Be6 Nh6 65. Kd8 Kg7 66. Ke7 f5 67. g5 Ng4 68. Bxf5 Ne3 69. h6+ Kh8 70. Be6 Kh7 71. Kf6 Kh8 72. g6 Nd5+ 73. Kf7 Nf6 74. g7+ Kh7 75. Kxf6 1-0